[Event "Barbera del Valles op 45th"]
[Site "Barbera del Valles"]
[Date "2023.07.11"]
[Round "8"]
[White "Alcala Valiente, Juan Carlos"]
[Black "Jose Iraeta, Alexandre"]
[Result "1/2-1/2"]
[WhiteElo "1946"]
[BlackElo "1893"]
[PlyCount "101"]
[EventDate "2023.07.04"]
[EventType "swiss"]
[EventRounds "9"]
[EventCountry "ESP"]
[SourceTitle "CBM 215 Extra"]
[Source "ChessBase"]
[SourceDate "2023.09.30"]
[SourceVersion "1"]
[SourceVersionDate "2023.09.30"]
[SourceQuality "1"]

1. d4 e6 2. c4 b6 3. Nf3 Bb7 4. g3 Bb4+ 5. Bd2 Bxf3 6. exf3 Bxd2+ 7. Qxd2 d5 8. Bg2 Ne7 9. 0-0 0-0 10. cxd5 exd5 11. Nc3 Nd7 12. f4 Nf6 13. Rfe1 c6 14. Rac1 Qd6 15. a3 Rfe8 16. Bf3 Qd7 17. Kg2 Ng6 18. Qd3 Rxe1 19. Rxe1 Re8 20. Rxe8+ Nxe8 21. f5 Ne7 22. g4 g6 23. Qe3 gxf5 24. Qg5+ Ng7 25. gxf5 Nexf5 26. Bg4 Qe7 27. Qf4 Nd6 28. b4 Ne6 29. Qg3 Qg5 30. Bxe6 Qxg3+ 31. hxg3 fxe6 32. g4 Nc4 33. a4 e5 34. dxe5 Nxe5 35. b5 cxb5 36. Nxb5 Nxg4 37. Nxa7 Ne5 38. Nb5 Nc4 39. Kf3 Ne5+ 40. Kf4 Nc6 41. Nc3 Nb4 42. Ke5 h5 43. Nxd5 Nxd5 44. Kxd5 Kf7 45. Ke4 Kg6 46. Ke5 Kg5 47. f4+ Kg6 48. Ke6 Kg7 49. Ke7 Kg6 50. Ke6 Kg7 51. Ke7 1/2-1/2

[Event "Barbera del Valles op 45th"]
[Site "Barbera del Valles"]
[Date "2023.07.09"]
[Round "6"]
[White "Jose Iraeta, Alexandre"]
[Black "Lozano Casasayas, Marc"]
[Result "0-1"]
[WhiteElo "1893"]
[BlackElo "1987"]
[PlyCount "126"]
[EventDate "2023.07.04"]
[EventType "swiss"]
[EventRounds "9"]
[EventCountry "ESP"]
[SourceTitle "CBM 215 Extra"]
[Source "ChessBase"]
[SourceDate "2023.09.30"]
[SourceVersion "1"]
[SourceVersionDate "2023.09.30"]
[SourceQuality "1"]

1. d4 d5 2. Nc3 Nf6 3. Bf4 e6 4. Nb5 Na6 5. e3 Be7 6. Nf3 c6 7. Nc3 c5 8. Nb5 0-0 9. c3 Bd7 10. a4 c4 11. Nd2 Bxb5 12. axb5 Nc7 13. e4 Nxb5 14. Be2 a6 15. h4 Rc8 16. e5 Nd7 17. Bg4 Nc7 18. Nf3 f6 19. exf6 Bxf6 20. Qc2 Qe7 21. 0-0-0 Nb5 22. Bg5 Rce8 23. Bh5 g6 24. Bg4 Nd6 25. Bh6 Bg7 26. Bxg7 Qxg7 27. Ne5 Qf6 28. Qe2 Nf5 29. Qd2 h6 30. Nf3 Kg7 31. Qf4 e5 32. dxe5 Nxe5 33. Nxe5 Qxe5 34. Qxe5+ Rxe5 35. f4 Re4 36. Bf3 Rxf4 37. Rxd5 Rf7 38. Rc5 Nxh4 39. Bd5 Rf1+ 40. Rxf1 Rxf1+ 41. Kc2 Rf2+ 42. Kb1 b5 43. Rc7+ Kf8 44. Rc6 Rf5 45. Be4 Rg5 46. Rxa6 Kg7 47. Rb6 Nxg2 48. Bc6 Ne3 49. Rxb5 Rxb5 50. Bxb5 Kf6 51. Kc1 Ke5 52. Kd2 Kf4 53. Ke2 g5 54. Ba4 h5 55. b4 cxb3 56. Bxb3 h4 57. c4 h3 58. Ba4 Nxc4 59. Kf2 g4 60. Bd7 Ne5 61. Bc8 g3+ 62. Kf1 g2+ 63. Kf2 Nf3 0-1

[Event "Titled Tuesday intern op 7th Mar Late"]
[Site "Chess.com INT"]
[Date "2023.03.07"]
[Round "10"]
[White "Jose Iraeta, Alexandre"]
[Black "Romero Ruscalleda, Josep"]
[Result "0-1"]
[WhiteElo "1910"]
[BlackElo "2190"]
[PlyCount "48"]
[EventDate "2023.03.07"]
[EventType "swiss (blitz)"]
[EventRounds "11"]
[EventCountry "USA"]
[SourceTitle "EXT 2024"]
[Source "ChessBase"]
[SourceDate "2023.10.10"]
[SourceVersion "1"]
[SourceVersionDate "2023.10.10"]
[SourceQuality "1"]

1. d4 g6 2. Nc3 Bg7 3. e4 d6 4. Nf3 a6 5. a4 Nc6 6. Be2 e5 7. Be3 exd4 8. Nxd4 Nge7 9. 0-0 0-0 10. Nd5 Kh8 11. Nxe7 Qxe7 12. Bf3 Ne5 13. Be2 c5 14. Nb3 Be6 15. Nd2 f5 16. f4 Nc6 17. c3 fxe4 18. Nc4 Rad8 19. Nb6 d5 20. Bf2 d4 21. cxd4 cxd4 22. Bc4 e3 23. Bg3 Bxc4 24. Nxc4 d3 0-1

[Event "Titled Tuesday intern op 7th Mar Late"]
[Site "Chess.com INT"]
[Date "2023.03.07"]
[Round "4"]
[White "Kohler, Aran"]
[Black "Jose Iraeta, Alexandre"]
[Result "0-1"]
[WhiteElo "2010"]
[BlackElo "1910"]
[PlyCount "142"]
[EventDate "2023.03.07"]
[EventType "swiss (blitz)"]
[EventRounds "11"]
[EventCountry "USA"]
[SourceTitle "EXT 2024"]
[Source "ChessBase"]
[SourceDate "2023.10.10"]
[SourceVersion "1"]
[SourceVersionDate "2023.10.10"]
[SourceQuality "1"]

1. Nf3 d5 2. d4 e6 3. Bf4 Bd6 4. Bg3 Nf6 5. e3 0-0 6. Nbd2 b6 7. Bd3 Bb7 8. Ne5 Ne4 9. f4 f6 10. Nef3 c5 11. c3 Nd7 12. Rc1 Rc8 13. 0-0 Qe7 14. Bh4 Qe8 15. Bb1 cxd4 16. exd4 f5 17. Ne5 Nxe5 18. fxe5 Be7 19. Bxe7 Qxe7 20. Nf3 Ba6 21. Bd3 Bxd3 22. Qxd3 Rc7 23. Nd2 Nxd2 24. Qxd2 b5 25. Qe2 a6 26. a3 Rb8 27. Rf2 a5 28. Rcf1 b4 29. cxb4 axb4 30. a4 b3 31. g4 g6 32. gxf5 exf5 33. Qa6 Ra7 34. Qc6 Qd7 35. Qf6 Qf7 36. Qd6 Qc7 37. Qxd5+ Kg7 38. Ra1 Rd8 39. Qxb3 Rxd4 40. Qe3 Re4 41. Qd2 Rxe5 42. b3 Qc5 43. Kf1 Rae7 44. Rd1 Qe3 45. Kg2 Qxd2 46. Rfxd2 Re3 47. Re2 Rxe2+ 48. Kf3 R2e3+ 49. Kf2 Rxb3 50. Ra1 Rb4 51. a5 Ra7 52. a6 Rb6 53. Kg3 Rbxa6 54. Rd1 Re7 55. Kf4 Rae6 56. Rd5 Re4+ 57. Kg3 Re3+ 58. Kg2 Re2+ 59. Kg3 R7e3+ 60. Kf4 Re4+ 61. Kg3 R2e3+ 62. Kg2 Re7 63. Kf2 R3e6 64. Kf3 Kf6 65. Rd4 g5 66. Kf2 g4 67. Kg3 Kg5 68. Kg2 h5 69. Rd2 Re2+ 70. Kg3 Rxd2 71. h4+ gxh3 0-1

[Event "Titled Tuesday intern op 7th Mar Early"]
[Site "Chess.com INT"]
[Date "2023.03.07"]
[Round "8"]
[White "Sanchez, Roberto Daniel"]
[Black "Jose Iraeta, Alexandre"]
[Result "0-1"]
[WhiteElo "1966"]
[BlackElo "1910"]
[PlyCount "48"]
[EventDate "2023.03.07"]
[EventType "swiss (blitz)"]
[EventRounds "11"]
[EventCountry "USA"]
[SourceTitle "EXT 2024"]
[Source "ChessBase"]
[SourceDate "2023.10.10"]
[SourceVersion "1"]
[SourceVersionDate "2023.10.10"]
[SourceQuality "1"]

1. e4 c5 2. Nf3 e6 3. d4 cxd4 4. Nxd4 Nf6 5. Bd3 Nc6 6. Nxc6 bxc6 7. 0-0 d5 8. e5 Nd7 9. f4 Ba6 10. Kh1 Bxd3 11. cxd3 g6 12. d4 c5 13. Nc3 cxd4 14. Nb5 Qb6 15. Nxd4 Bg7 16. Be3 Qxb2 17. Rb1 Qa3 18. Rb3 Qxa2 19. Rb7 Nc5 20. Rc7 Ne4 21. Nxe6 fxe6 22. Rxg7 Rd8 23. Rxa7 Qc4 24. Qg4 Qxf1+ 0-1

[Event "Titled Tuesday intern op 28th Feb Early"]
[Site "Chess.com INT"]
[Date "2023.02.28"]
[Round "7"]
[White "Jose Iraeta, Alexandre"]
[Black "Gomez Aguirre, Juan Alberto"]
[Result "0-1"]
[WhiteElo "1912"]
[BlackElo "2205"]
[PlyCount "96"]
[EventDate "2023.02.28"]
[EventType "swiss (blitz)"]
[EventRounds "11"]
[EventCountry "USA"]
[SourceTitle "CBM 213 Extra"]
[Source "ChessBase"]
[SourceDate "2023.05.31"]
[SourceVersion "1"]
[SourceVersionDate "2023.05.31"]
[SourceQuality "1"]

1. d4 Nf6 2. Bg5 d5 3. e3 c5 4. dxc5 e6 5. b4 a5 6. c3 axb4 7. cxb4 b6 8. Bb5+ Bd7 9. Bxd7+ Qxd7 10. Nf3 bxc5 11. bxc5 Bxc5 12. 0-0 Ne4 13. Bf4 0-0 14. Nbd2 Nxd2 15. Qxd2 Nc6 16. Rfc1 Bb6 17. Ne5 Nxe5 18. Bxe5 Rfc8 19. Rxc8+ Rxc8 20. Bd4 Bxd4 21. Qxd4 h6 22. g3 Rc4 23. Qb6 Rc6 24. Qb8+ Rc8 25. Qb3 Qa7 26. a4 Qa5 27. Qb5 Ra8 28. Qxa5 Rxa5 29. Kf1 Kf8 30. Ke2 Ke7 31. Kd3 Kd6 32. e4 dxe4+ 33. Kxe4 Kc5 34. Rc1+ Kd6 35. Ra1 g6 36. f4 Kc5 37. Rc1+ Kb6 38. Rb1+ Ka6 39. Ra1 Rc5 40. h4 Rc3 41. g4 Rh3 42. g5 Rxh4 43. gxh6 Rxh6 44. Rc1 Rh4 45. Rc7 Rh7 46. Ke5 f6+ 47. Kd6 Rxc7 48. Kxc7 e5 0-1

[Event "Titled Tuesday intern op 21st Feb Late"]
[Site "Chess.com INT"]
[Date "2023.02.21"]
[Round "10"]
[White "Bezerra, Natacio Goncalves"]
[Black "Jose Iraeta, Alexandre"]
[Result "1-0"]
[WhiteElo "1991"]
[BlackElo "1912"]
[PlyCount "41"]
[EventDate "2023.02.21"]
[EventType "swiss (blitz)"]
[EventRounds "11"]
[EventCountry "USA"]
[SourceTitle "CBM 212 Extra"]
[Source "ChessBase"]
[SourceDate "2023.03.31"]
[SourceVersion "1"]
[SourceVersionDate "2023.03.31"]
[SourceQuality "1"]

1. e4 c5 2. Nf3 e6 3. g3 Nc6 4. Bg2 d6 5. 0-0 Nf6 6. d4 Nxe4 7. Re1 Nf6 8. d5 Nb8 9. dxe6 Bxe6 10. Ng5 Be7 11. Bxb7 Nbd7 12. Bxa8 Qxa8 13. Nxe6 fxe6 14. Rxe6 Ne5 15. Rxe5 dxe5 16. Nd2 0-0 17. Qe2 e4 18. b3 h5 19. Bb2 Ng4 20. Qxe4 Rxf2 21. Qxa8+ 1-0

[Event "Titled Tuesday intern op 21st Feb Late"]
[Site "Chess.com INT"]
[Date "2023.02.21"]
[Round "2"]
[White "Davidson, Kevin"]
[Black "Jose Iraeta, Alexandre"]
[Result "1-0"]
[WhiteElo "2154"]
[BlackElo "1912"]
[PlyCount "29"]
[EventDate "2023.02.21"]
[EventType "swiss (blitz)"]
[EventRounds "11"]
[EventCountry "USA"]
[SourceTitle "CBM 212 Extra"]
[Source "ChessBase"]
[SourceDate "2023.03.31"]
[SourceVersion "1"]
[SourceVersionDate "2023.03.31"]
[SourceQuality "1"]

1. e4 c5 2. Nf3 e6 3. d4 cxd4 4. Nxd4 Nf6 5. Nc3 Nc6 6. Ndb5 Bc5 7. Nd6+ Ke7 8. Bf4 e5 9. Nf5+ Kf8 10. Bg5 Bb4 11. Bxf6 Qxf6 12. Bc4 Nd4 13. Ne3 d6 14. 0-0 Be6 15. Ncd5 1-0

[Event "Titled Tuesday intern op 21st Feb Late"]
[Site "Chess.com INT"]
[Date "2023.02.21"]
[Round "1"]
[White "Hnydiuk, Aleksander"]
[Black "Jose Iraeta, Alexandre"]
[Result "1-0"]
[WhiteElo "2364"]
[BlackElo "1912"]
[PlyCount "75"]
[EventDate "2023.02.21"]
[EventType "swiss (blitz)"]
[EventRounds "11"]
[EventCountry "USA"]
[SourceTitle "CBM 212 Extra"]
[Source "ChessBase"]
[SourceDate "2023.03.31"]
[SourceVersion "1"]
[SourceVersionDate "2023.03.31"]
[SourceQuality "1"]

1. d4 d5 2. Bf4 e6 3. e3 Bd6 4. Bxd6 Qxd6 5. Nd2 c5 6. c3 Nc6 7. f4 Nf6 8. Ngf3 0-0 9. Bd3 b6 10. Ne5 a5 11. Qf3 Ba6 12. Bc2 Rac8 13. Rc1 Rc7 14. g4 Rfc8 15. g5 Ne8 16. Qh5 g6 17. Qd1 Ng7 18. Kf2 Qe7 19. Nxc6 Rxc6 20. Nf3 cxd4 21. exd4 f6 22. Qd2 fxg5 23. fxg5 Rf8 24. Kg2 Nf5 25. Rhe1 Rf7 26. Bxf5 Rxf5 27. h4 Rc8 28. Re5 Rcf8 29. Rxf5 Rxf5 30. Re1 Qf7 31. Qe3 Bc8 32. Ne5 Qf8 33. Re2 Rf4 34. Rf2 Rxf2+ 35. Qxf2 Qxf2+ 36. Kxf2 Kf8 37. Ke3 Ke7 38. Kf4 1-0

[Event "Titled Tuesday intern op 21st Feb Early"]
[Site "Chess.com INT"]
[Date "2023.02.21"]
[Round "2"]
[White "Jose Iraeta, Alexandre"]
[Black "Bas Mas, Jose Joaquin"]
[Result "0-1"]
[WhiteElo "1912"]
[BlackElo "2236"]
[PlyCount "96"]
[EventDate "2023.02.21"]
[EventType "swiss (blitz)"]
[EventRounds "11"]
[EventCountry "USA"]
[SourceTitle "CBM 212 Extra"]
[Source "ChessBase"]
[SourceDate "2023.03.31"]
[SourceVersion "1"]
[SourceVersionDate "2023.03.31"]
[SourceQuality "1"]

1. d4 d5 2. Nc3 Nf6 3. Bf4 c5 4. e4 Nxe4 5. Nxe4 dxe4 6. dxc5 Qa5+ 7. c3 Qxc5 8. Qa4+ Bd7 9. Qxe4 Bc6 10. Qe3 Qxe3+ 11. Bxe3 e6 12. f3 Nd7 13. Ne2 e5 14. Ng3 g6 15. Ne4 f5 16. Nd2 Bc5 17. Nc4 Bxe3 18. Nxe3 0-0-0 19. 0-0-0 Nb6 20. Bc4 Kc7 21. Bb3 a5 22. a3 h5 23. h4 f4 24. Nc4 a4 25. Ba2 Nxc4 26. Bxc4 b5 27. Bf7 Rdf8 28. Bd5 Rf6 29. Rhe1 Re8 30. Re2 Rd6 31. Bxc6 Rxd1+ 32. Kxd1 Kxc6 33. Rd2 g5 34. hxg5 Rg8 35. Ke2 Rxg5 36. Kd3 Kd5 37. Re2 Rg3 38. Rf2 e4+ 39. Ke2 e3 40. Rf1 Rxg2+ 41. Kd3 Rxb2 42. c4+ bxc4+ 43. Kc3 Rb3+ 44. Kc2 Rxa3 45. Rd1+ Kc5 46. Rh1 Kb4 47. Rxh5 Ra2+ 48. Kd1 Rf2 0-1

[Event "Titled Tuesday intern op 21st Feb Late"]
[Site "Chess.com INT"]
[Date "2023.02.21"]
[Round "7"]
[White "Jose Iraeta, Alexandre"]
[Black "Skaric, Djuro"]
[Result "0-1"]
[WhiteElo "1912"]
[BlackElo "2334"]
[PlyCount "112"]
[EventDate "2023.02.21"]
[EventType "swiss (blitz)"]
[EventRounds "11"]
[EventCountry "USA"]
[SourceTitle "CBM 212 Extra"]
[Source "ChessBase"]
[SourceDate "2023.03.31"]
[SourceVersion "1"]
[SourceVersionDate "2023.03.31"]
[SourceQuality "1"]

1. d4 d6 2. Nc3 g6 3. e4 Bg7 4. Nf3 Nf6 5. Be2 0-0 6. 0-0 Nc6 7. d5 Ne5 8. Nxe5 dxe5 9. Bc4 Ne8 10. Be3 Nd6 11. Bb3 f5 12. f3 f4 13. Bf2 g5 14. Ne2 h5 15. c4 Rf6 16. c5 Nf7 17. Qc2 Kh7 18. Rad1 Rg6 19. d6 Nh6 20. dxe7 Qxe7 21. c6 b6 22. Rd2 g4 23. Kh1 gxf3 24. gxf3 Bh3 25. Rg1 Rxg1+ 26. Nxg1 Bf1 27. Qd1 Ba6 28. Rd7 Qg5 29. Nh3 Qf6 30. Qg1 Be2 31. Bd1 Bxd1 32. Rxd1 Qxc6 33. Ng5+ Kh8 34. Qg2 Rg8 35. Rg1 Qf6 36. h4 Rd8 37. Ne6 Rg8 38. Ng5 Nf7 39. Nxf7+ Qxf7 40. Qg5 Kh7 41. Kh2 Bh6 42. Qxg8+ Qxg8 43. Rxg8 Kxg8 44. Be1 Kf7 45. Bc3 Ke6 46. Kh3 Bf8 47. Kg2 Bc5 48. Kf1 Bd4 49. Ke2 Bxc3 50. bxc3 Kd6 51. Kd3 Kc5 52. a3 b5 53. Kd2 Kc4 54. Kc2 c5 55. Kb2 Kd3 56. Kb3 a5 0-1

[Event "Titled Tuesday intern op 21st Feb Late"]
[Site "Chess.com INT"]
[Date "2023.02.21"]
[Round "11"]
[White "Vargas, Mauricio"]
[Black "Jose Iraeta, Alexandre"]
[Result "1-0"]
[WhiteElo "2056"]
[BlackElo "1912"]
[PlyCount "51"]
[EventDate "2023.02.21"]
[EventType "swiss (blitz)"]
[EventRounds "11"]
[EventCountry "USA"]
[SourceTitle "CBM 212 Extra"]
[Source "ChessBase"]
[SourceDate "2023.03.31"]
[SourceVersion "1"]
[SourceVersionDate "2023.03.31"]
[SourceQuality "1"]

1. e4 c5 2. Nc3 e6 3. f4 d5 4. e5 h5 5. Nf3 Nh6 6. Bb5+ Bd7 7. Be2 Nc6 8. 0-0 Nf5 9. d3 h4 10. h3 Be7 11. Qe1 Rc8 12. Nd1 Ncd4 13. Nxd4 cxd4 14. c4 dxc3 15. Nxc3 Bc5+ 16. Kh2 Ng3 17. Rf3 Bc6 18. a3 d4 19. Ne4 Bxe4 20. dxe4 Nxe4 21. Bb5+ Kf8 22. Qxe4 Rc7 23. f5 a6 24. Bd3 Ke7 25. fxe6 fxe6 26. Bg5+ 1-0

[Event "Titled Tuesday intern op 14th Feb Late"]
[Site "Chess.com INT"]
[Date "2023.02.14"]
[Round "8"]
[White "Hu, Merric"]
[Black "Jose Iraeta, Alexandre"]
[Result "1-0"]
[WhiteElo "2022"]
[BlackElo "1912"]
[PlyCount "69"]
[EventDate "2023.02.14"]
[EventType "swiss (blitz)"]
[EventRounds "11"]
[EventCountry "USA"]
[SourceTitle "CBM 212 Extra"]
[Source "ChessBase"]
[SourceDate "2023.03.31"]
[SourceVersion "1"]
[SourceVersionDate "2023.03.31"]
[SourceQuality "1"]

1. d4 d5 2. Nf3 e6 3. Bf4 Bd6 4. Bxd6 Qxd6 5. Nc3 a6 6. e4 c5 7. dxc5 Qxc5 8. exd5 Nf6 9. dxe6 Bxe6 10. Bd3 Nc6 11. 0-0 0-0 12. a3 Rad8 13. Qe2 Bg4 14. h3 Nd4 15. Qe3 Nxf3+ 16. gxf3 Qxe3 17. fxe3 Bxh3 18. Rf2 Rfe8 19. e4 Bd7 20. f4 Bc6 21. Re1 Re7 22. Rfe2 Nh5 23. Rf2 Nf6 24. Kg2 Rde8 25. Kf3 Nd5 26. exd5 Bxd5+ 27. Be4 Bxe4+ 28. Rxe4 Rxe4 29. Nxe4 Rc8 30. b3 Kf8 31. c4 b5 32. Rc2 Rd8 33. c5 Rc8 34. b4 Ke7 35. Rd2 1-0

[Event "Titled Tuesday intern op 14th Feb Early"]
[Site "Chess.com INT"]
[Date "2023.02.14"]
[Round "3"]
[White "Jose Iraeta, Alexandre"]
[Black "Jimenez, Joaquin Rodrigo"]
[Result "1/2-1/2"]
[WhiteElo "1912"]
[BlackElo "2195"]
[PlyCount "84"]
[EventDate "2023.02.14"]
[EventType "swiss (blitz)"]
[EventRounds "11"]
[EventCountry "USA"]
[SourceTitle "CBM 212 Extra"]
[Source "ChessBase"]
[SourceDate "2023.03.31"]
[SourceVersion "1"]
[SourceVersionDate "2023.03.31"]
[SourceQuality "1"]

1. d4 Nf6 2. Nc3 d5 3. Bf4 g6 4. e3 Bg7 5. Nb5 Na6 6. h3 0-0 7. Nf3 Ne4 8. c3 c5 9. Be2 cxd4 10. exd4 Bd7 11. 0-0 Qb6 12. a4 Bxb5 13. Bxb5 Rac8 14. Ne5 Bxe5 15. Bxe5 Nc7 16. Qe2 Nxb5 17. Qxb5 Qxb5 18. axb5 Ra8 19. Ra2 a5 20. bxa6 Rxa6 21. Rxa6 bxa6 22. Ra1 Ra8 23. f3 Nd2 24. Kf2 f6 25. Bf4 Nc4 26. b3 Nb6 27. Ke3 e6 28. Kd3 Kf7 29. Bd6 Nd7 30. b4 e5 31. Ra5 Ke6 32. Bc5 h5 33. b5 Nb8 34. b6 Nc6 35. b7 Rb8 36. Rxa6 Kd7 37. Ra8 Rxb7 38. Rg8 g5 39. Rg7+ Kc8 40. Rg8+ Kd7 41. Rg7+ Kc8 42. Rg8+ Kd7 1/2-1/2

[Event "Titled Tuesday intern op 14th Feb Late"]
[Site "Chess.com INT"]
[Date "2023.02.14"]
[Round "3"]
[White "Jose Iraeta, Alexandre"]
[Black "Szente Varga, Fruzsina"]
[Result "0-1"]
[WhiteElo "1912"]
[BlackElo "2074"]
[PlyCount "80"]
[EventDate "2023.02.14"]
[EventType "swiss (blitz)"]
[EventRounds "11"]
[EventCountry "USA"]
[SourceTitle "CBM 212 Extra"]
[Source "ChessBase"]
[SourceDate "2023.03.31"]
[SourceVersion "1"]
[SourceVersionDate "2023.03.31"]
[SourceQuality "1"]

1. d4 Nf6 2. Nc3 d5 3. Bf4 g6 4. e3 Bg7 5. Nb5 Na6 6. h3 0-0 7. Nf3 c6 8. Nc3 Nc7 9. Be2 Ne4 10. Nxe4 dxe4 11. Nd2 f5 12. 0-0 Nd5 13. Bh2 e5 14. dxe5 Qe7 15. Nc4 b5 16. Nd6 Bxe5 17. Bxe5 Qxe5 18. Nxc8 Raxc8 19. Qd4 Qxd4 20. exd4 Rfd8 21. c4 Nf4 22. Rfe1 Rxd4 23. cxb5 Nxe2+ 24. Rxe2 cxb5 25. Kf1 Kf7 26. Ke1 Ke6 27. Rd1 Rcd8 28. Rxd4 Rxd4 29. Rc2 Rc4 30. Rd2 h5 31. Kd1 g5 32. Rd8 Ke5 33. g3 Rd4+ 34. Rxd4 Kxd4 35. Kd2 f4 36. Ke2 a5 37. gxf4 gxf4 38. h4 a4 39. a3 Kc4 40. Kd2 Kb3 0-1

[Event "Titled Tuesday intern op 14th Feb Late"]
[Site "Chess.com INT"]
[Date "2023.02.14"]
[Round "9"]
[White "Jose Iraeta, Alexandre"]
[Black "Vargas, Mauricio"]
[Result "0-1"]
[WhiteElo "1912"]
[BlackElo "2056"]
[PlyCount "52"]
[EventDate "2023.02.14"]
[EventType "swiss (blitz)"]
[EventRounds "11"]
[EventCountry "USA"]
[SourceTitle "CBM 212 Extra"]
[Source "ChessBase"]
[SourceDate "2023.03.31"]
[SourceVersion "1"]
[SourceVersionDate "2023.03.31"]
[SourceQuality "1"]

1. d4 d5 2. Nc3 c6 3. Bf4 Nd7 4. f3 f6 5. e4 e5 6. Be3 exd4 7. Bxd4 c5 8. Bf2 d4 9. Nd5 Ne7 10. Bc4 a6 11. a4 Ne5 12. b3 Nxc4 13. bxc4 Nxd5 14. cxd5 Bd6 15. Ne2 0-0 16. 0-0 Bc7 17. c3 Qd6 18. Bg3 Qd7 19. Bxc7 Qxc7 20. cxd4 c4 21. Nc3 Bd7 22. e5 fxe5 23. dxe5 Qxe5 24. Qe1 Qd4+ 25. Kh1 Rae8 26. Qc1 Re3 0-1

[Event "Titled Tuesday intern op 14th Feb Early"]
[Site "Chess.com INT"]
[Date "2023.02.14"]
[Round "9"]
[White "Schut, Han"]
[Black "Jose Iraeta, Alexandre"]
[Result "1/2-1/2"]
[WhiteElo "2101"]
[BlackElo "1912"]
[PlyCount "103"]
[EventDate "2023.02.14"]
[EventType "swiss (blitz)"]
[EventRounds "11"]
[EventCountry "USA"]
[SourceTitle "CBM 212 Extra"]
[Source "ChessBase"]
[SourceDate "2023.03.31"]
[SourceVersion "1"]
[SourceVersionDate "2023.03.31"]
[SourceQuality "1"]

1. e4 c5 2. Nf3 e6 3. c4 Nc6 4. Nc3 Nf6 5. Be2 d5 6. exd5 exd5 7. d4 cxd4 8. Nxd4 dxc4 9. Nxc6 Qxd1+ 10. Nxd1 bxc6 11. Bxc4 Bb4+ 12. Bd2 Bxd2+ 13. Kxd2 0-0 14. Ne3 c5 15. Rhd1 Bb7 16. Ke2 Rfe8 17. Kf1 Rad8 18. Rxd8 Rxd8 19. Rd1 Rxd1+ 20. Nxd1 Bd5 21. Bxd5 Nxd5 22. g3 Kf8 23. Ke2 Ke7 24. Kd3 Kd6 25. a3 f5 26. f4 g6 27. b3 a6 28. Nb2 Nb6 29. a4 Nd5 30. Nc4+ Kc6 31. Ne5+ Kd6 32. Nf7+ Ke7 33. Kc4 Ne3+ 34. Kd3 Nf1 35. Ng5 Nxh2 36. Nxh7 Nf1 37. Kc4 Kd6 38. Ng5 Nxg3 39. Nf7+ Kc6 40. Ne5+ Kb6 41. Nxg6 Ne2 42. Kd5 a5 43. Ke5 c4 44. bxc4 Kc5 45. Kxf5 Nxf4 46. Nxf4 Kxc4 47. Ke5 Kb4 48. Nd3+ Kxa4 49. Kd4 Kb3 50. Nc5+ Kb4 51. Kd5 a4 52. Nxa4 1/2-1/2

[Event "Titled Tuesday intern op 14th Feb Early"]
[Site "Chess.com INT"]
[Date "2023.02.14"]
[Round "8"]
[White "Thomas, Anysia"]
[Black "Jose Iraeta, Alexandre"]
[Result "0-1"]
[WhiteElo "2184"]
[BlackElo "1912"]
[PlyCount "62"]
[EventDate "2023.02.14"]
[EventType "swiss (blitz)"]
[EventRounds "11"]
[EventCountry "USA"]
[SourceTitle "CBM 212 Extra"]
[Source "ChessBase"]
[SourceDate "2023.03.31"]
[SourceVersion "1"]
[SourceVersionDate "2023.03.31"]
[SourceQuality "1"]

1. d4 d5 2. c4 e6 3. Nf3 a6 4. g3 dxc4 5. a4 Nc6 6. Bg2 Nf6 7. 0-0 Be7 8. Na3 Na5 9. Qc2 Bxa3 10. Rxa3 0-0 11. Bd2 Nb3 12. Qxc4 Nxd2 13. Nxd2 c6 14. e4 Bd7 15. e5 Nd5 16. Ne4 b5 17. Qc2 bxa4 18. h4 Rb8 19. Ng5 g6 20. g4 Qb6 21. Rxa4 c5 22. dxc5 Bxa4 23. Qxa4 Qxc5 24. h5 Rxb2 25. hxg6 hxg6 26. Bxd5 Qxd5 27. Qf4 Qd2 28. Qh2 Qxg5 29. f4 Qxg4+ 30. Kh1 Kg7 31. Rg1 Rxh2+ 0-1

[Event "Titled Tuesday intern op 07th Feb Late"]
[Site "Chess.com INT"]
[Date "2023.02.07"]
[Round "11"]
[White "Antonova, Nadezhda"]
[Black "Jose Iraeta, Alexandre"]
[Result "1-0"]
[WhiteElo "1865"]
[BlackElo "1912"]
[PlyCount "97"]
[EventDate "2023.02.07"]
[EventType "swiss (blitz)"]
[EventRounds "11"]
[EventCountry "USA"]
[SourceTitle "EXT 2024"]
[Source "ChessBase"]
[SourceDate "2023.10.10"]
[SourceVersion "1"]
[SourceVersionDate "2023.10.10"]
[SourceQuality "1"]

1. Nf3 d5 2. b3 Bf5 3. Bb2 e6 4. g3 Nf6 5. Bg2 h6 6. 0-0 c6 7. d3 Nbd7 8. Nbd2 Bd6 9. a3 0-0 10. Qe1 Bh7 11. e4 dxe4 12. dxe4 e5 13. Rd1 Qe7 14. Nc4 Bc7 15. Nh4 b5 16. Nd2 Bd6 17. Ra1 a5 18. a4 Nc5 19. axb5 cxb5 20. Nf5 Bxf5 21. exf5 Ra7 22. Bc6 b4 23. Nc4 Qc7 24. Bg2 Nfd7 25. f6 Nxf6 26. Bxe5 Bxe5 27. Qxe5 Qxe5 28. Nxe5 Re8 29. Nc6 Ra6 30. Nxa5 Re2 31. Rfc1 Nfe4 32. Bf1 Nc3 33. Kg2 Ree6 34. Bxa6 Rxa6 35. Nc4 Re6 36. Ne3 Rd6 37. Ra8+ Kh7 38. Rb8 Na6 39. Rb7 Rc6 40. Rxf7 Ne2 41. Rd1 Nc3 42. Rdd7 Rg6 43. Nf5 Nc5 44. Rxg7+ Rxg7 45. Rxg7+ Kh8 46. Rc7 N5e4 47. Nxh6 Nd2 48. Ng4 Na2 49. Nf6 1-0

[Event "Titled Tuesday intern op 07th Feb Late"]
[Site "Chess.com INT"]
[Date "2023.02.07"]
[Round "8"]
[White "Kostiukov, Alexandr"]
[Black "Jose Iraeta, Alexandre"]
[Result "1-0"]
[WhiteElo "2271"]
[BlackElo "1912"]
[PlyCount "97"]
[EventDate "2023.02.07"]
[EventType "swiss (blitz)"]
[EventRounds "11"]
[EventCountry "USA"]
[SourceTitle "EXT 2024"]
[Source "ChessBase"]
[SourceDate "2023.10.10"]
[SourceVersion "1"]
[SourceVersionDate "2023.10.10"]
[SourceQuality "1"]

1. g3 d5 2. Bg2 e6 3. d3 Nf6 4. e4 h6 5. Qe2 Be7 6. e5 Nh7 7. h4 0-0 8. f4 c5 9. Nf3 Nc6 10. 0-0 b5 11. a4 b4 12. c4 dxc4 13. dxc4 Bb7 14. Rd1 Qc7 15. Be3 Rad8 16. Nbd2 Nd4 17. Bxd4 cxd4 18. Qd3 Rd7 19. b3 Rfd8 20. Rac1 Bc5 21. Ne1 Bxg2 22. Kxg2 a5 23. Ne4 Qc6 24. Qf3 Rc8 25. Nd3 Be7 26. Rf1 f5 27. exf6 Nxf6 28. Nxf6+ Bxf6 29. Rce1 Qxf3+ 30. Kxf3 Re8 31. Re4 Kf7 32. h5 Rde7 33. Rfe1 g6 34. hxg6+ Kxg6 35. g4 Bg7 36. Rh1 Kf7 37. Rh5 Ra8 38. Rb5 Bf6 39. c5 Ra6 40. Ne5+ Bxe5 41. Rxe5 Rd7 42. Ke2 d3+ 43. Kd2 Rd4 44. Rb7+ Kf6 45. Rb6 Rxb6 46. cxb6 Rd7 47. Rxa5 Rb7 48. Rb5 Kg6 49. a5 1-0